000 00486cam a22001457a 4500
008 180718b2003 xxu||||| |||| 00| 0 eng d
100 _aReinikka, Ritva
245 _aSurvey techniques to measure and explain corruption
_cby Ritva Reinikka and Jakob Svensson
260 _aWashington, D.C.
_bWorld Bank
_c2003
300 _a16p.
440 _aPolicy reserach working paper; no. 3071
650 _aMunicipal services --Corrupt practices
650 _aBribery
700 _aSvensson, Jakob
999 _c289606
_d289606